000 00405nam a22001577a 4500
005 20251108170920.0
008 250721s1996 xx 000 0 ara d
082 1 4 _aط/750/خلي
100 1 _aالبدوي، خليل
245 1 0 _aالون /
264 1 _aعمان :
_bفاروق حسين نور،
_c1996.
300 _a10ص : مص
650 1 7 _aالتلوين
942 _2ddc
_cBK
999 _c52046
_d52046